TPM A RELIABILITY CENTRED MAINTENANCE (RCM) - DVE CESTY ZVYŠOVANIA EFEKTÍVNOSTI ÚDRŽBY STROJOVÝCH ZARIADENÍ

Bibliographic Details
Main Authors: Poprocký, Roman (Author), Stuchlý, Vladimír (Author)
Format: Article
Language:Slovak

MARC

LEADER 00000naa a2200000uu 4500
001 vtls010946844
003 SK-MaSNL
005 20260302122125.0
008 210902|1999 xo |||||||||||||||||slo|
015 |a SNBRA 
035 |a (urnnbn)urn:nbn:sk:snk:ar-a0bge8 
035 |a (uuid)887a6558-9719-4bdf-b36e-02ad38c67b34 
035 |a urn:nbn:sk:snk-aau8io 
040 |a SNKBUCL  |b slo  |c SNKBUCL  |e AACR2 
041 0 |a slo 
044 |a xo  |c SK 
100 1 |a Poprocký, Roman  |4 aut  |9 79579 
245 1 0 |a TPM A RELIABILITY CENTRED MAINTENANCE (RCM) - DVE CESTY ZVYŠOVANIA EFEKTÍVNOSTI ÚDRŽBY STROJOVÝCH ZARIADENÍ  |c Roman Poprocký, Vladimír Stuchlý 
700 1 |a Stuchlý, Vladimír  |4 aut  |9 306804 
773 0 |t Nové trendy v priemyselnom inžinierstve, produktivite a inováciách  |d V Žiline : Žilinská univerzita, 1999  |g S. 182-191  |z 8071006386 
958 |a OND 
958 |a article11 
958 |a chapter 
999 |c 1276607  |d 1278537